[Event "Moscow op-E"]
[Site "Moscow"]
[Date "2011.02.06"]
[Round "9.212"]
[White "Baskakov, Nikolay"]
[Black "Amelichkin, Nikolay"]
[Result "0-1"]
[WhiteElo "2009"]
[BlackElo "1762"]
[PlyCount "140"]
[EventDate "2011.01.29"]
[EventType "swiss"]
[EventRounds "9"]
[EventCountry "RUS"]
[SourceTitle "EXT 2022"]
[Source "ChessBase"]
[SourceDate "2021.10.06"]
[SourceVersion "1"]
[SourceVersionDate "2021.10.06"]
[SourceQuality "1"]

1. e4 e5 2. Nf3 Nc6 3. Bb5 Nf6 4. d3 Bb4+ 5. c3 Be7 6. Bg5 h6 7. Bh4 d6 8. h3 Be6 9. Nbd2 a6 10. Ba4 Qd7 11. a3 b5 12. Bc2 g5 13. Bg3 Nh5 14. Nxe5 dxe5 15. Qxh5 0-0-0 16. b4 f5 17. a4 f4 18. Bh2 Bc4 19. axb5 Bxb5 20. 0-0 Bxd3 21. Rfc1 Kb7 22. Ba4 Bb5 23. Bxb5 axb5 24. Nb3 Qe6 25. Na5+ Nxa5 26. Rxa5 c6 27. Qe2 Ra8 28. Rxa8 Rxa8 29. f3 Ra2 30. Qf1 Qb3 31. Kh1 Qb2 32. Bg1 Bd8 33. Rd1 Bc7 34. Rc1 Qd2 35. c4 Qxb4 36. cxb5 cxb5 37. Bc5 Qb3 38. Kh2 Rb2 39. Ra1 Bb6 40. Qg1 Bxc5 41. Qxc5 Rxg2+ 42. Kxg2 Qb2+ 43. Qf2 Qxa1 44. h4 Qd4 45. Qa2 gxh4 46. Kh3 Qc4 47. Qf2 b4 48. Qxh4 Qf1+ 49. Kh2 Qxf3 50. Qe7+ Kc6 51. Qxb4 Qf2+ 52. Kh1 Qd4 53. Qe1 Qe3 54. Qb1 Qc3 55. Qd1 Qc4 56. Kg2 h5 57. Qf3 Kd6 58. Kh3 Qe6+ 59. Kh2 Qg4 60. Qa3+ Ke6 61. Qa6+ Ke7 62. Qa3+ Kf7 63. Qa7+ Kf6 64. Qb6+ Qe6 65. Qd8+ Kg6 66. Qd3 Qf6 67. Kh3 f3 68. Kg3 f2 69. Kg2 f1Q+ 70. Qxf1 Qxf1+ 0-1

[Event "Moscow op-E"]
[Site "Moscow"]
[Date "2011.02.02"]
[Round "5.132"]
[White "Baskakov, Nikolay"]
[Black "Spichkin, Alexander"]
[Result "0-1"]
[WhiteElo "2009"]
[BlackElo "2195"]
[PlyCount "62"]
[EventDate "2011.01.29"]
[EventType "swiss"]
[EventRounds "9"]
[EventCountry "RUS"]
[SourceTitle "EXT 2022"]
[Source "ChessBase"]
[SourceDate "2021.10.06"]
[SourceVersion "1"]
[SourceVersionDate "2021.10.06"]
[SourceQuality "1"]

1. e4 b6 2. Nf3 Bb7 3. Nc3 e6 4. d4 Bb4 5. Bd3 Nf6 6. Bg5 h6 7. Bxf6 Qxf6 8. 0-0 g5 9. e5 Qf4 10. Be2 g4 11. Nh4 Nc6 12. Nb5 0-0-0 13. g3 Qg5 14. c3 Be7 15. a4 a6 16. Na3 d6 17. exd6 Bxd6 18. Bxg4 Rhg8 19. h3 h5 20. Nc4 hxg4 21. Nxd6+ Rxd6 22. hxg4 Rh8 23. f4 Qg7 24. Qe2 Ne7 25. Rf2 Nf5 26. Rg2 Nxh4 27. gxh4 Rxh4 28. Qe5 f6 29. Qe1 Qh7 30. Qg3 Rh1+ 31. Kf2 Rxa1 0-1

[Event "Moscow op-B"]
[Site "Moscow"]
[Date "2009.02.07"]
[Round "8"]
[White "Kapov, Adam"]
[Black "Baskakov, Nikolay"]
[Result "0-1"]
[WhiteElo "1927"]
[BlackElo "2055"]
[PlyCount "81"]
[EventDate "2009.01.31"]
[EventType "swiss"]
[EventRounds "9"]
[EventCountry "RUS"]
[SourceTitle "EXT 2012"]
[Source "ChessBase"]
[SourceDate "2011.11.24"]
[SourceVersion "1"]
[SourceVersionDate "2011.11.24"]
[SourceQuality "1"]

1. e4 c5 2. c3 g6 3. d4 cxd4 4. cxd4 Bg7 5. Nf3 Nf6 6. Nc3 0-0 7. Be2 d6 8. 0-0 Nc6 9. Bg5 Re8 10. Qd2 a6 11. Rac1 Qa5 12. Rfd1 Bg4 13. h3 Bxf3 14. Bxf3 Nxd4 15. Qxd4 Qxg5 16. Qb6 Rab8 17. Nd5 Nxd5 18. exd5 Qe5 19. b3 Qb2 20. a4 Bc3 21. Qc7 Bb4 22. Qc2 Qf6 23. Qc4 a5 24. Qb5 b6 25. Rc6 Bc5 26. Rc1 Qb2 27. Rf1 h5 28. Rc7 Qc2 29. Rc6 Kg7 30. Qc4 Qb2 31. Rc7 Rbc8 32. Rc6 Rcd8 33. Rc7 Qe5 34. Qe4 f5 35. Qe2 Kf6 36. Re1 Qxe2 37. Bxe2 e5 38. Bb5 Re7 39. Rxe7 Kxe7 40. g3 Rc8 41. Bc6 0-1

[Event "Moscow op-B"]
[Site "Moscow"]
[Date "2009.02.06"]
[Round "7"]
[White "Baskakov, Nikolay"]
[Black "Nizhegorodtsev, Dmitry"]
[Result "1-0"]
[WhiteElo "2055"]
[BlackElo "1879"]
[PlyCount "109"]
[EventDate "2009.01.31"]
[EventType "swiss"]
[EventRounds "9"]
[EventCountry "RUS"]
[SourceTitle "EXT 2012"]
[Source "ChessBase"]
[SourceDate "2011.11.24"]
[SourceVersion "1"]
[SourceVersionDate "2011.11.24"]
[SourceQuality "1"]

1. e4 e5 2. Nf3 Nc6 3. Bb5 a6 4. Ba4 Nf6 5. 0-0 b5 6. Bb3 Be7 7. Re1 0-0 8. c3 d6 9. h3 Nd7 10. d4 Bf6 11. a3 Na5 12. Ba2 Nc4 13. b3 Ncb6 14. Bb2 c5 15. Nbd2 Bb7 16. Nf1 Rc8 17. Ng3 g6 18. Qd2 c4 19. b4 Qe7 20. Rac1 Na4 21. Ba1 Nab6 22. Rcd1 Rcd8 23. Bb1 Rfe8 24. Bb2 Nf8 25. d5 Bg7 26. Bc1 Bc8 27. Bc2 Nbd7 28. a4 Nf6 29. Qe2 h6 30. Be3 N8h7 31. Qd2 h5 32. Ra1 Bd7 33. axb5 axb5 34. Ra7 Ra8 35. Rea1 Rxa7 36. Rxa7 Qf8 37. Qc1 Ra8 38. Qa3 Rxa7 39. Qxa7 Qc8 40. Kh2 Ne8 41. Ng1 h4 42. N3e2 f5 43. exf5 gxf5 44. f4 Nhf6 45. fxe5 dxe5 46. Nf3 Nxd5 47. Nxh4 e4 48. Bd4 Qc7+ 49. Qxc7 Ndxc7 50. Bxg7 Kxg7 51. g3 Kf6 52. Ng2 Ne6 53. h4 Ke5 54. Kg1 f4 55. gxf4+ 1-0